[Event "SC Kreuzberg IM-Turnier 2018"]
[Site "Berlin"]
[Date "2018.08.06"]
[Round "1.1"]
[White "Glantz, Robert"]
[Black "Brunello, Marina"]
[Result "0-1"]
[WhiteElo "2336"]
[BlackElo "2280"]
[Annotator "Andreas Lange/BerlinBase_Referenz"]
[PlyCount "84"]
[EventDate "2018.08.06"]
[EventType "tourn"]
[EventRounds "9"]
[EventCountry "GER"]
[SourceTitle "SC Kreuzberg IM 2018"]
[Source "Andreas Lange"]
[SourceDate "2018.08.16"]
[SourceVersion "1"]
[SourceVersionDate "2018.08.16"]
[SourceQuality "1"]

{B94: Sizilianisch (Najdorf-Variante mit 6.Lg5)} 1. e4 c5 2. Nf3 d6 3. d4 cxd4
4. Nxd4 Nf6 5. Nc3 a6 6. Bg5 Nbd7 7. f4 Qc7 8. Qf3 h6 9. Bxf6 Nxf6 10. f5 Qc5 (
10... Bd7 11. O-O-O O-O-O 12. Nd5 Qa5 $4 13. Nb3 Qc7 (13... Qa4 14. Nb6+ $18)
14. Nxc7 {1-0 (14) Paehtz,E (2461)-Burchardt,B (2224) 1. Bundesliga 2011/12
Frauen Bad Koenigshofen 2012}) 11. O-O-O g5 12. fxg6 (12. g4 Bg7 13. Nb3 Qe5
14. Rd4 h5 15. gxh5 g4 16. Qg2 Rxh5 17. h3 Bd7 18. hxg4 Rxh1 19. Qxh1 Nxg4 20.
Nd5 O-O-O 21. Nb6+ Kb8 22. Nxd7+ Rxd7 23. Qh5 Qf4+ 24. Nd2 Bxd4 25. Qxf7 Be3
26. Qg8+ Ka7 {Warnest,S (1460)-Mueller Boge,M (2002) XIII. DBMM Bremen 2013
0-1 (35)}) 12... Bg4 13. gxf7+ Kxf7 14. Qd3 Bxd1 15. Nxd1 Bg7 16. g3 Nxe4 17.
Qxe4 Qxd4 18. Bc4+ Ke8 19. Qxb7 Qa7 20. Qd5 Kd8 21. Re1 Rb8 22. c3 Rf8 23. Qd3
a5 24. Qh7 Bf6 25. h4 Rh8 26. Qf7 Qc5 27. a4 Rc8 28. Bd5 Qd4 29. Re4 Qd3 30.
Re3 Qh7 31. Qe6 Qg7 32. Kb1 Be5 33. Bb7 Rc7 34. Qd5 Qg6+ 35. Re4 Rc5 36. Qb3
Kc7 37. h5 Qxh5 38. Ne3 Rb8 39. Nd5+ Rxd5 40. Qxd5 Rxb7 41. Rc4+ Kb8 42. Qxa5
Qd1+ 0-1

[Event "SC Kreuzberg IM-Turnier 2018"]
[Site "Berlin"]
[Date "2018.08.06"]
[Round "1.2"]
[White "Meissner, Felix"]
[Black "Kalinitschew, Sergey"]
[Result "1/2-1/2"]
[WhiteElo "2330"]
[BlackElo "2430"]
[Annotator "Andreas Lange/BerlinBase_Referenz"]
[PlyCount "69"]
[EventDate "2018.08.06"]
[EventType "tourn"]
[EventRounds "9"]
[EventCountry "GER"]
[SourceTitle "SC Kreuzberg IM 2018"]
[Source "Andreas Lange"]
[SourceDate "2018.08.16"]
[SourceVersion "1"]
[SourceVersionDate "2018.08.16"]
[SourceQuality "1"]

{B13: Caro-Kann (Abtausch-Variante 4.c4)} 1. e4 c6 2. d4 d5 3. exd5 cxd5 4. Bd3
Nc6 5. c3 Qc7 6. Na3 (6. h3 Nf6 7. Nf3 g6 8. O-O Bf5 9. Re1 Bxd3 10. Qxd3 e6
11. Ne5 Nxe5 12. dxe5 Ne4 13. Bf4 Bg7 14. Nd2 O-O 15. Nb3 Rfc8 16. Rad1 Qc4 17.
Qxc4 Rxc4 18. Rd4 b5 19. Nd2 Rcc8 20. Bg3 Nc5 {Rabiega,R (2540)-Epishin,V 
(2580) Deutschland 2008 0-1}) 6... a6 7. Nc2 Nf6 8. h3 e5 (8... g6 9. Nf3 Bf5
10. O-O Bxd3 11. Qxd3 Bg7 12. Re1 O-O 13. Ne5 e6 14. Bf4 Nxe5 15. Bxe5 Qb6 16.
b3 Rac8 17. Ne3 Ne4 18. c4 Bxe5 19. dxe5 Nc5 20. Qd2 dxc4 21. Ng4 h5 22. Nf6+
Kg7 23. Nxh5+ {Wierzbicki,J (2101)-Starke,R (1863) Berlin 2017 1-0 (46)}) 9.
dxe5 Nxe5 10. Nf3 Nxd3+ 11. Qxd3 Be7 12. O-O O-O 13. Bg5 Be6 14. Ne3 Rad8 15.
Rfe1 h6 16. Bh4 Qf4 17. Rad1 Rfe8 18. Bg3 Qe4 19. Qf1 Qa4 20. a3 Qb3 21. Re2
Qb6 22. Be5 Ne4 23. Qe1 f6 24. Bh2 Bc5 25. Nd4 Bf7 26. Kh1 Kh7 27. f3 Nd6 28.
Bg1 Nc4 29. Nxc4 dxc4 30. Rdd2 Bg6 31. Rxe8 Rxe8 32. Re2 Rxe2 33. Qxe2 Bd3 34.
Qd2 Qd6 35. b4 1/2-1/2

[Event "SC Kreuzberg IM-Turnier 2018"]
[Site "Berlin"]
[Date "2018.08.06"]
[Round "1.3"]
[White "Berger, Steve"]
[Black "Moritz, Aron"]
[Result "1/2-1/2"]
[WhiteElo "2428"]
[BlackElo "2199"]
[Annotator "Andreas Lange/BerlinBase_Referenz"]
[PlyCount "96"]
[EventDate "2018.08.06"]
[EventType "tourn"]
[EventRounds "9"]
[EventCountry "GER"]
[SourceTitle "SC Kreuzberg IM 2018"]
[Source "Andreas Lange"]
[SourceDate "2018.08.16"]
[SourceVersion "1"]
[SourceVersionDate "2018.08.16"]
[SourceQuality "1"]

{B23: Sizilianisch (Geschlossenes System)} 1. e4 c5 2. Nc3 Nc6 3. Nge2 g6 4. h4
(4. f4 Bg7 5. g3 e6 6. Bg2 Nge7 7. d3 d5 8. O-O h5 {Maahs,E (2065)-Troeger,R 
(2111) Bergen/Chiemgau DSenMMdLV 2014 ½-½ (47)}) 4... h5 5. d4 cxd4 6. Nxd4
Bg7 7. Nb3 Nf6 8. Bg5 O-O 9. Be2 d6 10. O-O a6 11. a4 Be6 12. Re1 Rc8 13. Bf1
Ne5 14. Nd5 Nc4 15. Bxc4 Rxc4 16. c3 Re8 17. Nd4 Bxd5 18. exd5 Rc5 19. Qf3 Qc8
20. Bxf6 Bxf6 21. Nb3 Rc4 22. g3 Qh3 23. Nd2 Rcc8 24. Re3 Kg7 25. Ne4 Qf5 26.
Qd1 Red8 27. Qd3 Be5 28. Rae1 Qg4 29. Kg2 Rb8 30. b3 b5 31. axb5 axb5 32. R1e2
Rdc8 33. f3 Qf5 34. Ra2 Rc7 35. Ra6 Rbc8 36. Rc6 Rxc6 37. dxc6 b4 38. cxb4 Rxc6
39. b5 Rb6 40. Qc4 Qd7 41. Nc3 Bxc3 42. Qxc3+ f6 43. Qa5 Rxb5 44. Rxe7+ Qxe7
45. Qxb5 Qe3 46. Qd7+ Kh6 47. Qxd6 Qe2+ 48. Kg1 Qe1+ 1/2-1/2

[Event "SC Kreuzberg IM-Turnier 2018"]
[Site "Berlin"]
[Date "2018.08.06"]
[Round "1.4"]
[White "Barath, Madhan"]
[Black "Muse, Drazen"]
[Result "0-1"]
[WhiteElo "2307"]
[BlackElo "2361"]
[Annotator "Andreas Lange/BerlinBase_Referenz"]
[PlyCount "72"]
[EventDate "2018.08.06"]
[EventType "tourn"]
[EventRounds "9"]
[EventCountry "GER"]
[SourceTitle "SC Kreuzberg IM 2018"]
[Source "Andreas Lange"]
[SourceDate "2018.08.16"]
[SourceVersion "1"]
[SourceVersionDate "2018.08.16"]
[SourceQuality "1"]

{C41: Philidor-Verteidigung} 1. d4 d6 2. e4 Nf6 3. Nc3 e5 4. Nf3 exd4 5. Nxd4
Be7 6. Be2 O-O 7. O-O Re8 8. f4 Bf8 (8... Nbd7 9. Nb3 Nb6 10. a4 a5 11. Be3 c6
12. Qe1 Bg4 13. Qf2 Nbd7 {Lassan,C (2117)-Dauth,B (2337) Berlin BEM 2018
Klasse M ½-½ (44)}) 9. Bf3 Na6 (9... c5 10. Nde2 (10. Nb3 Nc6 11. Re1 c4 12.
Nd4 d5 13. e5 Ng4 14. Nxc6 Qh4 15. Nd4 Bc5 16. Nce2 Qxh2+ 17. Kf1 f6 18. Ng1
Qg3 19. Bxg4 Bxg4 20. Ngf3 fxe5 21. Rxe5 Rxe5 22. fxe5 Bxf3 23. gxf3 Qh3+ 24.
Kg1 Qg3+ {Volokitin,A (2724)-Schneider,I (2489) 1. Bundesliga 2012/13 Muelheim
2013 ½-½}) 10... Nc6 11. h3 Bd7 (11... Be6 12. g4 Bc4 13. Re1 Bxe2 14. Qxe2
Nd4 15. Qf2 Nxf3+ 16. Qxf3 d5 17. e5 c4 18. Be3 Ne4 19. Nxe4 dxe4 20. Qxe4 b5
21. Red1 Qa5 22. Rd5 Rad8 23. Qxc4 Rxd5 24. Qxd5 Rd8 25. Qe4 {1-0 (25)
Kachibadze,G (2272)-Kropik,M (2084) Berlin Lichtenrader Herbst 2010}) 12. Be3
d5 13. exd5 Rxe3 14. dxc6 Bxc6 15. Qxd8 Rxd8 16. Kf2 Bxf3 17. gxf3 Rde8 18. Ng3
Bd6 19. Nf5 R3e6 20. Nxd6 Rxd6 21. Rad1 Red8 22. Rxd6 Rxd6 23. Re1 Kf8 24. Ne4
{Lahtinen,M (2257)-Schneider,I (2368) Fuegen ECC Open 2006 ½-½ (73)}) (9...
c6 10. a4 Nbd7 11. a5 Qc7 12. Re1 Nc5 13. b4 Ne6 14. Nb3 d5 {Schaefer,E (2136)
-Fuchs,J (1719) Berlin Lichtenberger Sommer 2009 1-0 (26)}) 10. Nb3 c6 11. Kh1
Nc7 12. Re1 d5 13. e5 Nd7 14. Nd4 Nb6 15. a4 f6 16. b3 fxe5 17. fxe5 Bb4 18.
Bd2 Qh4 19. Nce2 Bxd2 20. Qxd2 Rxe5 21. Ng3 Nd7 22. Ngf5 Qf6 23. Qf4 Ne6 24.
Qg3 Nxd4 25. Nxd4 Rxe1+ 26. Qxe1 Ne5 27. Rd1 Bg4 28. Bxg4 Nxg4 29. Nf3 Qf5 30.
h3 Nf6 31. Nd4 Qe4 32. Qd2 Re8 33. Qa5 Qf4 34. Qxa7 Qf2 35. Qa5 Nh5 36. Qc7 Nf4
0-1

[Event "SC Kreuzberg IM-Turnier 2018"]
[Site "Berlin"]
[Date "2018.08.06"]
[Round "1.5"]
[White "Malek, Daniel"]
[Black "Sandu, Mihaela"]
[Result "1-0"]
[WhiteElo "2383"]
[BlackElo "2268"]
[Annotator "Andreas Lange/BerlinBase_Referenz"]
[PlyCount "59"]
[EventDate "2018.08.06"]
[EventType "tourn"]
[EventRounds "9"]
[EventCountry "GER"]
[SourceTitle "SC Kreuzberg IM 2018"]
[Source "Andreas Lange"]
[SourceDate "2018.08.16"]
[SourceVersion "1"]
[SourceVersionDate "2018.08.16"]
[SourceQuality "1"]

{A19: Englische Eröffnung} 1. c4 e6 2. Nc3 Nf6 3. e4 c5 4. f4 Nc6 5. Nf3 Be7 6.
g3 d5 (6... O-O 7. Bg2 d6 8. O-O a6 9. d3 Rb8 10. a4 Nd4 11. Be3 Nxf3+ 12. Qxf3
Nd7 13. g4 Bf6 14. g5 Bd4 15. Bxd4 cxd4 16. Ne2 e5 17. h4 a5 18. Qg3 Qe7 19.
Bh3 Nc5 20. Bxc8 Rbxc8 21. f5 {Hort,V (2560)-Balashov,Y (2535) Berlin 1990 1/
2-1/2}) 7. e5 Ng4 8. b3 d4 9. Ne4 d3 10. Ba3 f5 11. Nf2 Nxf2 12. Kxf2 b6 13.
Qb1 Bb7 14. Qxd3 g5 15. Rg1 Qxd3 16. Bxd3 Rd8 17. Ne1 Rg8 18. Rf1 gxf4 19. gxf4
Bh4+ 20. Ke3 Rg7 21. Nf3 Rgd7 22. Be2 Nd4 23. Nxh4 Nc2+ 24. Kf2 Nxa3 25. d3 Nc2
26. Rad1 Nb4 27. a3 Nxd3+ 28. Ke3 Be4 29. Rg1 a5 30. Rg8+ 1-0

[Event "SC Kreuzberg IM-Turnier 2018"]
[Site "Berlin"]
[Date "2018.08.07"]
[Round "2.1"]
[White "Brunello, Marina"]
[Black "Sandu, Mihaela"]
[Result "0-1"]
[WhiteElo "2280"]
[BlackElo "2268"]
[Annotator "Andreas Lange/BerlinBase_Referenz"]
[PlyCount "78"]
[EventDate "2018.08.06"]
[EventType "tourn"]
[EventRounds "9"]
[EventCountry "GER"]
[SourceTitle "SC Kreuzberg IM 2018"]
[Source "Andreas Lange"]
[SourceDate "2018.08.16"]
[SourceVersion "1"]
[SourceVersionDate "2018.08.16"]
[SourceQuality "1"]

{B43: Sizilianisch (Paulsen-Variante)} 1. e4 c5 2. Nf3 e6 3. d4 cxd4 4. Nxd4 a6
5. Nc3 b5 6. Bd3 Qb6 7. Nf3 Qc7 8. O-O Bb7 9. Re1 Ne7 (9... Bc5 10. Qd2 (10.
Bg5 d6 11. Bh4 Nf6 12. Qd2 Nbd7 13. a3 {Schilow,W (2389)-Figura,A (2277)
Berlin Lichtenberger Sommer 2005 ½-½ (64)}) 10... Be7 11. b3 Nf6 12. Bb2 d6
13. a4 b4 14. Na2 Nc6 15. Nd4 Nxd4 16. Bxd4 a5 17. Rac1 {Polzin,R (2502)
-Figura,A (2254) Berlin Unicorn Open 2005 ½-½ (97)}) (9... Nf6 10. e5 b4 11.
exf6 bxc3 12. Bg5 h6 13. Bh4 gxf6 14. Bxf6 Rg8 15. Bh7 Rg4 16. h3 cxb2 17. Rb1
Rb4 18. c3 Rb6 19. Nd4 Qf4 20. Nf5 Nc6 21. Qc2 Ba3 22. Ng7+ Kf8 23. Nh5 Qd6 24.
Rbd1 {Borriss,M (2439)-Movsesian,S (2629)1. Bundesliga 2004/05 Eppingen 2004
0-1 (54)}) 10. Bxb5 Ng6 11. Bd3 Be7 12. Be3 Nc6 13. Na4 Nce5 14. Nxe5 Nxe5 15.
f4 Ng6 16. Qd2 O-O 17. b3 f5 18. e5 Nh4 19. Bf1 g5 20. Rad1 Bc6 21. Bb6 Qc8 22.
Be3 gxf4 23. Bxf4 Kh8 24. Kh1 Rg8 25. Re2 Qe8 26. Rf2 Rg4 27. h3 Rg7 28. Qe2
Qg8 29. Kh2 Qb8 30. Rd3 Qb7 31. Rg3 Rxg3 32. Bxg3 Rg8 33. Nb2 Ng6 34. Nd3 Be4
35. Qe3 Qc8 36. c4 Qf8 37. Be2 Qg7 38. Bf3 Bxd3 39. Rd2 f4 0-1

[Event "SC Kreuzberg IM-Turnier 2018"]
[Site "Berlin"]
[Date "2018.08.07"]
[Round "2.2"]
[White "Muse, Drazen"]
[Black "Malek, Daniel"]
[Result "1/2-1/2"]
[WhiteElo "2361"]
[BlackElo "2383"]
[Annotator "Andreas Lange/BerlinBase_Referenz"]
[PlyCount "119"]
[EventDate "2018.08.06"]
[EventType "tourn"]
[EventRounds "9"]
[EventCountry "GER"]
[SourceTitle "SC Kreuzberg IM 2018"]
[Source "Andreas Lange"]
[SourceDate "2018.08.16"]
[SourceVersion "1"]
[SourceVersionDate "2018.08.16"]
[SourceQuality "1"]

{A06: Zukertort-Eröffnung} 1. Nf3 Nf6 2. e3 d5 3. b3 Bf5 4. Bb2 e6 5. h3 (5. c4
Be7 6. Be2 O-O 7. O-O h6 8. Nc3 c6 9. d3 Re8 10. Qc2 Bh7 11. a3 a5 12. Rac1 Na6
13. Ne5 Bd6 14. f4 Bxe5 15. fxe5 Nd7 16. Nd1 b5 17. Qc3 bxc4 18. bxc4 Nac5 19.
Ba1 Rb8 20. cxd5 {Kryvoruchko,Y (2710)-Savchenko,B (2567) Berlin Meierei Bolle
Blitz WM 2015 0-1}) (5. Nc3 Be7 6. Be2 O-O 7. O-O h6 8. d4 Nbd7 9. Bd3 Bxd3 10.
Qxd3 c5 11. Rfe1 Rc8 12. e4 cxd4 13. Qxd4 dxe4 14. Nd2 Bc5 15. Qa4 Nb6 16. Qb5
Qxd2 17. Re2 Qd7 18. Qxd7 Nbxd7 19. Nxe4 Nxe4 {Gelman,J-Boehme,J Berlin 2013
0-1 (35)}) 5... h6 6. Be2 Be7 7. d3 c5 8. Ne5 Nbd7 9. Nxd7 Qxd7 10. Nd2 Bh7 11.
a4 Rd8 12. O-O O-O 13. f4 Qc7 14. Qe1 Nd7 15. Kh1 Bf6 16. Bxf6 Nxf6 17. Qh4 Ne8
18. g4 Nd6 19. Nf3 a6 20. Rg1 Rfe8 21. g5 Nf5 22. Qf2 hxg5 23. Nxg5 e5 24. Nxh7
Kxh7 25. Rg5 Nh6 26. Rag1 g6 27. f5 Rd6 28. Qg3 Qc6 29. fxg6+ Rxg6 30. Bh5 Rxg5
31. Qxg5 Rg8 32. Qxe5 Qd7 33. Bg4 Nxg4 34. Rxg4 Rg6 35. Rh4+ Rh6 36. Rxh6+ Kxh6
37. Qf6+ Kh7 38. Kg2 Kg8 39. Qg5+ Kf8 40. h4 c4 41. h5 cxd3 42. cxd3 Qc6 43. h6
d4+ 44. Kg3 Qd6+ 45. Kf3 dxe3 46. h7 Qc6+ 47. Kg3 Qd6+ 48. Kh3 Qd7+ 49. Kh4
Qd4+ 50. Kh5 e2 51. Qg3 Qd5+ 52. Kh4 Qh1+ 53. Kg5 Kg7 54. Qe5+ Kxh7 55. Qxe2
Qh6+ 56. Kg4 Qg6+ 57. Kf4 Qd6+ 58. Kg4 Qg6+ 59. Kf3 Z0 60. d4 1/2-1/2

[Event "SC Kreuzberg IM-Turnier 2018"]
[Site "Berlin"]
[Date "2018.08.07"]
[Round "2.3"]
[White "Moritz, Aron"]
[Black "Barath, Madhan"]
[Result "1/2-1/2"]
[WhiteElo "2199"]
[BlackElo "2307"]
[Annotator "Andreas Lange/BerlinBase_Referenz"]
[PlyCount "63"]
[EventDate "2018.08.06"]
[EventType "tourn"]
[EventRounds "9"]
[EventCountry "GER"]
[SourceTitle "SC Kreuzberg IM 2018"]
[Source "Andreas Lange"]
[SourceDate "2018.08.16"]
[SourceVersion "1"]
[SourceVersionDate "2018.08.16"]
[SourceQuality "1"]

{B90: Sizilianisch (Najdorf-Variante, Abweichungen)} 1. e4 c5 2. Nf3 d6 3. d4
cxd4 4. Nxd4 Nf6 5. Nc3 a6 6. Be3 e5 7. Nb3 Be7 8. Qd2 Be6 9. O-O-O O-O (9...
Ng4 10. g3 Nxe3 11. Qxe3 Nd7 12. f4 O-O 13. Kb1 Qc7 14. f5 Bxb3 15. cxb3 Nf6
16. g4 Nxg4 17. Qg3 Nf6 18. Rg1 Ne8 19. Nd5 Qd8 20. Qg4 h6 21. Qh5 Kh7 22. Nxe7
Qxe7 23. Bc4 Nf6 24. Qh4 {Kramer,J (2326)-Merz,R (1909) Hamburg 2015 0-1 (46)})
10. f4 b5 11. f5 Bd7 12. g4 b4 13. Nd5 Nxd5 14. Qxd5 Bc6 15. Qc4 a5 16. Kb1 a4
17. Nc1 b3 18. g5 Bxg5 19. Bxg5 Qxg5 20. Rxd6 Rc8 21. f6 Nd7 22. Bh3 bxc2+ 23.
Ka1 a3 24. Rxc6 axb2+ 25. Kxb2 Nb6 26. Rxc8+ Rxc8 27. Qb4 Nc4+ 28. Kxc2 Na3+
29. Kb2 Nc4+ 30. Ka1 Qe3 31. Rd1 Qxh3 32. Qxc4 1/2-1/2

[Event "SC Kreuzberg IM-Turnier 2018"]
[Site "Berlin"]
[Date "2018.08.07"]
[Round "2.4"]
[White "Kalinitschew, Sergey"]
[Black "Berger, Steve"]
[Result "1/2-1/2"]
[WhiteElo "2430"]
[BlackElo "2428"]
[Annotator "Andreas Lange/BerlinBase_Referenz"]
[PlyCount "40"]
[EventDate "2018.08.06"]
[EventType "tourn"]
[EventRounds "9"]
[EventCountry "GER"]
[SourceTitle "SC Kreuzberg IM 2018"]
[Source "Andreas Lange"]
[SourceDate "2018.08.16"]
[SourceVersion "1"]
[SourceVersionDate "2018.08.16"]
[SourceQuality "1"]

{C01: Französische Verteidigung (Abtauschvariante)} 1. e4 e6 2. d4 d5 3. exd5
exd5 4. Nf3 Nf6 5. Bd3 Bd6 6. Qe2+ Be7 7. O-O O-O 8. Re1 (8. Ne5 {Gensch,M 
(1750)-Blab,L (2002) Berlin DSenEM 2010 ½-½ (22)}) 8... Re8 9. Bg5 Be6 10.
Nbd2 h6 11. Bh4 Nh5 12. Bxe7 Rxe7 13. Ne5 Nf4 14. Qf3 Nxd3 15. Qxd3 Nd7 16. Qb3
c6 17. Re3 Nxe5 18. Rxe5 Qd6 19. Rae1 Rae8 20. Nf1 f6 1/2-1/2

[Event "SC Kreuzberg IM-Turnier 2018"]
[Site "Berlin"]
[Date "2018.08.07"]
[Round "2.5"]
[White "Glantz, Robert"]
[Black "Meissner, Felix"]
[Result "0-1"]
[WhiteElo "2336"]
[BlackElo "2330"]
[Annotator "Andreas Lange/BerlinBase_Referenz"]
[PlyCount "106"]
[EventDate "2018.08.06"]
[EventType "tourn"]
[EventRounds "9"]
[EventCountry "GER"]
[SourceTitle "SC Kreuzberg IM 2018"]
[Source "Andreas Lange"]
[SourceDate "2018.08.16"]
[SourceVersion "1"]
[SourceVersionDate "2018.08.16"]
[SourceQuality "1"]

{D02: Damenbauernspiele} 1. d4 Nf6 2. Bf4 c5 3. Nd2 d5 4. c3 Nc6 5. e3 e6 6.
Ngf3 Bd6 7. Bg3 O-O 8. Bd3 b6 9. e4 Be7 10. e5 Nh5 11. Ng5 Bxg5 12. Qxh5 g6 13.
Qe2 cxd4 (13... f5 14. f4 Be7 15. Nf3 c4 16. Bc2 b5 17. a3 Bd7 18. O-O a5 19.
Bf2 b4 20. Kh1 Rf7 21. Rg1 Qf8 22. Bh4 Bxh4 23. Nxh4 Qh6 24. Qf2 Rb8 25. axb4
axb4 26. Ba4 Nd8 27. Bxd7 Rxd7 28. g4 {Huschenbeth,N (2571)-Ostrovskiy,A (2433)
Berlin 2018 1-0 (44)}) 14. h4 Bh6 15. h5 g5 16. Nf3 dxc3 17. bxc3 f5 18. exf6
Qxf6 19. O-O Bd7 20. Bb5 Bg7 21. Bxc6 Bxc6 22. Be5 Qe7 23. Bxg7 Kxg7 24. Qe5+
Kh6 25. Nd4 Bd7 26. Rae1 Rae8 27. Re3 Rf7 28. g4 Qf6 29. f3 Kg7 30. Rfe1 Qxe5
31. Rxe5 h6 32. Kf2 Rf6 33. R1e3 Kf7 34. Ke2 Rc8 35. Kd2 Rc4 36. Kc2 a5 37. a3
b5 38. Kb3 b4 39. axb4 axb4 40. Ne2 bxc3 41. Nxc3 Rcf4 42. Kc2 Rxf3 43. Ne2
Rxe3 44. Rxe3 Ke7 45. Nd4 Kd6 46. Nf3 Rf4 47. Ne5 Bb5 48. Kd2 d4 49. Re1 Rf2+
50. Kc1 d3 51. Re4 Kd5 52. Rb4 Kxe5 53. Rxb5+ Kf4 0-1

[Event "SC Kreuzberg IM-Turnier 2018"]
[Site "Berlin"]
[Date "2018.08.08"]
[Round "3.1"]
[White "Meissner, Felix"]
[Black "Brunello, Marina"]
[Result "0-1"]
[WhiteElo "2330"]
[BlackElo "2280"]
[Annotator "Andreas Lange/BerlinBase_Referenz"]
[PlyCount "88"]
[EventDate "2018.08.06"]
[EventType "tourn"]
[EventRounds "9"]
[EventCountry "GER"]
[SourceTitle "SC Kreuzberg IM 2018"]
[Source "Andreas Lange"]
[SourceDate "2018.08.16"]
[SourceVersion "1"]
[SourceVersionDate "2018.08.16"]
[SourceQuality "1"]

{B23: Sizilianisch (Geschlossenes System)} 1. e4 c5 2. Nc3 d6 3. d4 cxd4 4.
Qxd4 Nc6 5. Qd2 (5. Bb5 Qd7 (5... Bd7 6. Bxc6 Bxc6 7. Bg5 h6 8. Be3 Nf6 9. Nf3
e6 10. Qd3 Be7 11. Nd4 O-O 12. f3 Qc7 13. O-O-O Rfd8 14. g4 d5 15. e5 Qxe5 16.
h4 Nd7 17. f4 Qd6 18. g5 h5 19. g6 f5 20. Ncb5 {Loxine,J (2403)-Tari,A (2450)
1. Bundesliga 2014/15 Berlin 2014 ½-½}) (5... e5 6. Qd3 a6 7. Bc4 Be6 8. Bb3
Nb4 9. Qe2 Be7 10. Nf3 Nf6 11. Bg5 Qa5 12. a3 Nc6 13. O-O O-O 14. Bxe6 fxe6 15.
Qc4 Kf7 16. Rad1 Rac8 17. Qb3 Nd4 18. Nxd4 exd4 19. Bxf6 Bxf6 20. Ne2 {
Kiesekamp,M (2315)-Bach,M (2297) Berlin 2009 IX. DBMM Schach [rs] 1/2-1/2 (42)}
) 6. Bxc6 bxc6 {Durarbeyli,V (2476)-Gebigke,M (2232) Europameisterschaft
Rijeka 2010 1-0 (75)}) 5... Nf6 6. b3 e6 7. Bb2 Be7 8. O-O-O a6 9. f3 b5 10.
Kb1 h5 11. Nh3 Bd7 12. Ng5 b4 13. Ne2 a5 14. h4 a4 15. Nc1 Qa5 16. f4 Na7 17.
Bc4 Nb5 18. Bxb5 Bxb5 19. Qd4 Bc6 20. Nd3 axb3 21. axb3 Bb7 22. Rhe1 O-O 23.
Kc1 Rfc8 24. Re2 Ba6 25. Re3 Rab8 26. Rg3 Rc6 27. Kd2 e5 28. Qa7 Rxc2+ 29. Ke1
Qb6 30. Qxb6 Rxb6 31. fxe5 dxe5 32. Bxe5 Ng4 33. Bd4 Rbc6 34. Rd2 f6 35. Rxc2
Rxc2 36. Ne6 Bd6 37. Rf3 Nh2 38. Re3 Rxg2 39. e5 fxe5 40. Nxe5 Bxe5 41. Bxe5
Ng4 42. Re4 Bd3 43. Rxb4 Re2+ 44. Kd1 Nf2+ 0-1

[Event "SC Kreuzberg IM-Turnier 2018"]
[Site "Berlin"]
[Date "2018.08.08"]
[Round "3.2"]
[White "Berger, Steve"]
[Black "Glantz, Robert"]
[Result "1/2-1/2"]
[WhiteElo "2428"]
[BlackElo "2336"]
[Annotator "Andreas Lange/BerlinBase_Referenz"]
[PlyCount "87"]
[EventDate "2018.08.06"]
[EventType "tourn"]
[EventRounds "9"]
[EventCountry "GER"]
[SourceTitle "SC Kreuzberg IM 2018"]
[Source "Andreas Lange"]
[SourceDate "2018.08.16"]
[SourceVersion "1"]
[SourceVersionDate "2018.08.16"]
[SourceQuality "1"]

{B80: Sizilianisch (Scheveninger System)} 1. e4 c5 2. Nc3 Nc6 3. Nge2 e6 4. g3
Nf6 5. Bg2 Be7 6. O-O O-O 7. d4 cxd4 8. Nxd4 d6 9. Be3 (9. Kh1 a6 (9... Bd7 10.
f4 Nxd4 11. Qxd4 Bc6 {Brameyer,H-Moehring,G Erfurt DEM 1973 DSV 0-1 (33)}) 10.
f4 Bd7 (10... Qc7 11. Be3 Bd7 12. Nxc6 Bxc6 13. g4 {Hetey,L (2112)-Zimmermann,
M (2216) 2. Bundesliga Nord 1991/92 Deutschland 1992 0-1 (37)}) 11. Nxc6 Bxc6
12. g4 {Kanonenberg,W-Gutzeit,R Hochspeyer DEM 1967 U20 DSB 1-0 (41)}) 9... a6
10. Qe2 Bd7 11. Nxc6 Bxc6 12. a4 Qc7 13. a5 Nd7 14. Rfd1 Kh8 15. Na4 Rae8 16.
Nb6 f5 17. Nxd7 Qxd7 18. f3 fxe4 19. fxe4 Bf6 20. Rab1 Be5 21. c4 Qf7 22. b4
Qg6 23. Bd4 Bxd4+ 24. Rxd4 e5 25. Rd2 Rf6 26. b5 Bd7 27. Qe3 Ref8 28. bxa6 bxa6
29. c5 Bb5 30. cxd6 Rxd6 31. Qc5 Rdf6 32. Qxe5 Qf7 33. Qd4 Qc7 34. e5 Re6 35.
Rf2 Rfe8 36. Qb4 Qe7 37. Qxe7 R6xe7 38. Rxb5 axb5 39. a6 g6 40. Bc6 Rb8 41. e6
Rb6 42. Rf7 Rxc6 43. Rxe7 Rxa6 44. Rb7 1/2-1/2

[Event "SC Kreuzberg IM-Turnier 2018"]
[Site "Berlin"]
[Date "2018.08.08"]
[Round "3.4"]
[White "Malek, Daniel"]
[Black "Moritz, Aron"]
[Result "1-0"]
[WhiteElo "2383"]
[BlackElo "2199"]
[Annotator "Andreas Lange/BerlinBase_Referenz"]
[PlyCount "61"]
[EventDate "2018.08.06"]
[EventType "tourn"]
[EventRounds "9"]
[EventCountry "GER"]
[SourceTitle "SC Kreuzberg IM 2018"]
[Source "Andreas Lange"]
[SourceDate "2018.08.16"]
[SourceVersion "1"]
[SourceVersionDate "2018.08.16"]
[SourceQuality "1"]

{E73: Königsindisch (Awerbach-Angriff)} 1. d4 Nf6 2. c4 g6 3. Nc3 Bg7 4. e4 d6
5. Be2 O-O 6. Be3 e5 7. d5 a5 8. g4 Na6 (8... Nfd7 9. g5 f5 10. gxf6 Nxf6 11.
h4 Na6 12. h5 Nc5 13. hxg6 Ncxe4 14. gxh7+ Kh8 15. Nxe4 Nxe4 16. Nf3 Qf6 17.
Qc2 Bf5 18. Nh4 Nxf2 19. Nxf5 Nxh1 20. Nxg7 Qh4+ 21. Kd2 Ng3 22. Ne6 Ne4+ 23.
Kc1 {Moewisch,D-Steiger,M Harald-Lieb-Gedenkturnier Berlin 2018 1-0}) 9. g5 Nd7
10. h4 Ndc5 (10... Nb6 11. f3 c6 12. Nh3 cxd5 13. cxd5 a4 14. Nf2 a3 15. b3 f5
16. gxf6 Bxf6 17. h5 Bg5 18. Qd2 Bf4 19. hxg6 hxg6 20. Nd3 Bxe3 21. Qxe3 Qc7
22. Nb5 Qd8 23. Qh6 {1-0 (23) Riazantsev,A (2646)-Al Saleh,M (2520) Berlin
Meierei Bolle Blitz-WM 2015}) 11. h5 (11. a3 Bd7 12. b3 f5 13. gxf6 Bxf6 14. h5
Bg5 15. hxg6 hxg6 16. Nf3 Bf4 17. Kd2 Qf6 18. Kc2 Kg7 19. Rh4 Rh8 20. Rxf4 {
Bader,A (1897)-Wozniak,K (1692) Berlin Eckbauer Open 2016 1-0 (50)}) 11... c6
12. Qd2 Bd7 13. f3 Qe7 14. Nh3 Nb4 15. Nf2 cxd5 16. cxd5 Rfc8 17. Kf1 Na4 18.
Kg2 Nxc3 19. bxc3 Na6 20. Rab1 Nc5 21. Bb5 Na4 22. Bxd7 Qxd7 23. Rbc1 Rc4 24.
Ng4 Qe7 25. Qe1 f5 26. gxf6 Bxf6 27. hxg6 hxg6 28. Rh6 Qg7 29. Nxf6+ Qxf6 30.
Qg3 Kg7 31. Bg5 1-0